[Event "EU-ch 25th"]
[Site "Eforie Nord"]
[Date "2025.03.24"]
[Round "9"]
[White "Sgircea, Silvia Raluca"]
[Black "Kossobudzki, Robert"]
[Result "1-0"]
[WhiteElo "2221"]
[BlackElo "1954"]
[PlyCount "69"]
[EventDate "2025.03.15"]
[EventType "swiss"]
[EventRounds "11"]
[EventCountry "ROU"]
[SourceTitle "CB13_2025"]
[SourceDate "2025.03.26"]
[SourceVersion "1"]
[SourceVersionDate "2025.03.26"]
[SourceQuality "1"]

1. Nf3 d5 2. e3 c5 3. b3 g6 4. Bb2 Nf6 5. c4 dxc4 6. Bxc4 Bg7 7. d4 0-0 8. 0-0 cxd4 9. Nxd4 Nbd7 10. Nd2 Nb6 11. Be2 Nfd5 12. Nc4 Bd7 13. Qd2 Nxc4 14. Bxc4 Nb6 15. Bd3 e5 16. Nf3 Bc6 17. e4 Nd7 18. Rac1 Qe7 19. Qe3 Rac8 20. a3 Rfe8 21. Rc2 Nb6 22. Nd2 Qh4 23. a4 Bh6 24. Qe2 Rcd8 25. Nf3 Qh5 26. Bb5 Bxb5 27. Qxb5 Qg4 28. Nxe5 Qxe4 29. Rc7 Nd5 30. Nxf7 Bf4 31. Rc4 Qf5 32. Nxd8 Rxd8 33. Rd4 Be5 34. Rxd5 Rxd5 35. Qxd5+ 1-0

[Event "EU-ch 25th"]
[Site "Eforie Nord"]
[Date "2025.03.18"]
[Round "4"]
[White "Aydemir, Umut"]
[Black "Sgircea, Silvia Raluca"]
[Result "1-0"]
[WhiteElo "2006"]
[BlackElo "2221"]
[PlyCount "93"]
[EventDate "2025.03.15"]
[EventType "swiss"]
[EventRounds "11"]
[EventCountry "ROU"]
[SourceTitle "CB13_2025"]
[SourceDate "2025.03.26"]
[SourceVersion "1"]
[SourceVersionDate "2025.03.26"]
[SourceQuality "1"]

1. e4 c5 2. Nf3 Nc6 3. Bb5 g6 4. Bxc6 bxc6 5. d4 cxd4 6. Qxd4 f6 7. Qa4 Qc7 8. c4 d6 9. 0-0 Nh6 10. c5 Nf7 11. Nc3 Bd7 12. Bf4 e5 13. cxd6 Bxd6 14. Be3 0-0 15. Rac1 Qb7 16. Qc2 Rfb8 17. b3 Ba3 18. Rcd1 Bg4 19. Qe2 Bb4 20. Rc1 Nd6 21. h3 Be6 22. Nd2 a5 23. Na4 Qb5 24. Qf3 Kg7 25. Nc5 Bxc5 26. Rxc5 Qa6 27. Bh6+ Kxh6 28. Qxf6 Qd3 29. Nf3 Nxe4 30. Qh4+ Kg7 31. Rxe5 Re8 32. Rxe4 Bd5 33. Re7+ Rxe7 34. Qxe7+ Kg8 35. Ng5 Qf5 36. Qxh7+ Kf8 37. Qh8+ Bg8 38. Qh6+ Ke7 39. Re1+ Kd6 40. Ne4+ Kc7 41. Qg7+ Kb6 42. Qd4+ Kc7 43. Qg7+ Kb6 44. Nd6 Qf8 45. Qb7+ Kc5 46. Ne4+ Kd5 47. Qd7+ 1-0

[Event "ROM-ch (Women)"]
[Site "Craiova"]
[Date "2025.02.18"]
[Round "4"]
[White "Sgircea, Silvia Raluca"]
[Black "Obada, Ema"]
[Result "1-0"]
[WhiteElo "2232"]
[BlackElo "2060"]
[PlyCount "63"]
[EventDate "2025.02.15"]
[EventType "swiss"]
[EventRounds "9"]
[EventCountry "ROU"]
[SourceTitle "CB09_2025"]
[SourceDate "2025.02.27"]
[SourceVersion "1"]
[SourceVersionDate "2025.02.27"]
[SourceQuality "1"]

1. Nf3 Nf6 2. c4 e6 3. Nc3 d5 4. e3 a6 5. b3 b6 6. cxd5 exd5 7. g3 Bb7 8. Bg2 Bd6 9. 0-0 0-0 10. Bb2 Nbd7 11. Rc1 Re8 12. Re1 Rc8 13. Ne2 c5 14. d4 c4 15. Nd2 b5 16. bxc4 bxc4 17. Nc3 Nb6 18. e4 dxe4 19. Ndxe4 Bxe4 20. Nxe4 Nfd5 21. Nc3 Rxe1+ 22. Qxe1 Nb4 23. Bf1 Bf8 24. Qd2 N4d5 25. Nxd5 Qxd5 26. Bg2 Qb5 27. d5 Na4 28. Bd4 Ba3 29. Qg5 Bf8 30. Be4 Rc6 31. Rb1 Qa5 32. Bxg7 1-0

[Event "ROM-ch (Women)"]
[Site "Craiova"]
[Date "2025.02.17"]
[Round "3"]
[White "Dragomirescu, Angela"]
[Black "Sgircea, Silvia Raluca"]
[Result "1/2-1/2"]
[WhiteElo "2060"]
[BlackElo "2232"]
[PlyCount "69"]
[EventDate "2025.02.15"]
[EventType "swiss"]
[EventRounds "9"]
[EventCountry "ROU"]
[SourceTitle "CB09_2025"]
[SourceDate "2025.02.27"]
[SourceVersion "1"]
[SourceVersionDate "2025.02.27"]
[SourceQuality "1"]

1. c4 c5 2. g3 g6 3. Bg2 Bg7 4. Nc3 Nc6 5. Nf3 d6 6. 0-0 e6 7. e3 Nge7 8. d4 0-0 9. Rb1 b6 10. b3 Bb7 11. Bb2 cxd4 12. Nxd4 Qd7 13. Ne4 Nxd4 14. Bxd4 e5 15. Bb2 d5 16. cxd5 Nxd5 17. Qe2 Rfd8 18. Rfd1 Qe7 19. Rbc1 Rd7 20. h4 Rad8 21. Nc3 Nxc3 22. Bxc3 Bxg2 23. Kxg2 e4 24. Bxg7 Kxg7 25. Rxd7 Rxd7 26. Rc4 Qe5 27. Qc2 Re7 28. Rd4 Qf5 29. Qd1 h5 30. Rd8 Qf6 31. Rd6 Qb2 32. Rd2 Qf6 33. Rd6 Qb2 34. Rd2 Qf6 35. Rd6 1/2-1/2

[Event "ROM-ch (Women)"]
[Site "Craiova"]
[Date "2025.02.16"]
[Round "2"]
[White "Sgircea, Silvia Raluca"]
[Black "Aldea, Maria Antonia"]
[Result "1-0"]
[WhiteElo "2232"]
[BlackElo "1906"]
[PlyCount "143"]
[EventDate "2025.02.15"]
[EventType "swiss"]
[EventRounds "9"]
[EventCountry "ROU"]
[SourceTitle "CB09_2025"]
[SourceDate "2025.02.27"]
[SourceVersion "1"]
[SourceVersionDate "2025.02.27"]
[SourceQuality "1"]

1. d4 Nf6 2. Nf3 b6 3. g3 Bb7 4. Bg2 c5 5. 0-0 e6 6. c4 cxd4 7. Qxd4 Nc6 8. Qf4 Ne7 9. Nc3 Ng6 10. Qe3 Rc8 11. b3 Bb4 12. Bb2 d5 13. Nxd5 Bxd5 14. Bxf6 Qxf6 15. cxd5 0-0 16. dxe6 fxe6 17. Bh3 Rce8 18. Qe4 Ba3 19. b4 a5 20. bxa5 bxa5 21. Rab1 Bb4 22. Rb3 e5 23. a3 Be7 24. Nd2 Rd8 25. Qc4+ Kh8 26. Ne4 Qf7 27. Be6 Qe8 28. e3 a4 29. Rb7 Rb8 30. Bd7 Qd8 31. Rxb8 Qxb8 32. Qxa4 Qb2 33. Be8 Qxa3 34. Qxa3 Bxa3 35. Bxg6 hxg6 36. Rb1 Be7 37. Rb6 Bf6 38. h4 Kg8 39. Kg2 Kf7 40. Rb7+ Ke6 41. Kh3 Rc8 42. Nxf6 Kxf6 43. Rb6+ Kf7 44. Kg4 Rc2 45. Kf3 Rc4 46. g4 Ra4 47. Rb7+ Kg8 48. Rb5 e4+ 49. Kg3 Kf7 50. Rb7+ Kf8 51. Rd7 Ra6 52. Rd4 Re6 53. Ra4 Kf7 54. Ra5 Kg8 55. g5 Re7 56. Ra8+ Kh7 57. Rf8 Re6 58. Rf4 Kg8 59. Kg2 Re8 60. Kf1 Re6 61. Ke2 Re5 62. Kd2 Rd5+ 63. Kc2 Rf5 64. Kc3 Kf7 65. Kd4 Ke6 66. Rxe4+ Kd6 67. f4 Ra5 68. Re8 Ra4+ 69. Kd3 Ra3+ 70. Ke4 Ra1 71. Kf3 Rh1 72. Rg8 1-0

[Event "Roquetas de Mar op 36th"]
[Site "Roquetas de Mar"]
[Date "2025.01.05"]
[Round "6"]
[White "Fiorito, Joaquin"]
[Black "Sgircea, Silvia Raluca"]
[Result "1-0"]
[WhiteElo "2411"]
[BlackElo "2248"]
[PlyCount "157"]
[EventDate "2025.01.02"]
[EventType "swiss"]
[EventRounds "9"]
[EventCountry "ESP"]
[SourceTitle "CB02_2025"]
[SourceDate "2025.01.08"]
[SourceVersion "1"]
[SourceVersionDate "2025.01.08"]
[SourceQuality "1"]

1. e4 c5 2. Nc3 g6 3. d4 cxd4 4. Qxd4 Nf6 5. Nf3 Nc6 6. Qa4 d6 7. e5 dxe5 8. Nxe5 Bd7 9. Nxd7 Qxd7 10. Be3 Bg7 11. Rd1 Qc8 12. Be2 0-0 13. 0-0 Ne5 14. Nd5 Nxd5 15. Rxd5 Qe6 16. Rfd1 a6 17. Qb3 h5 18. h3 Rfc8 19. c4 Kh7 20. c5 Nc6 21. Qxb7 Ra7 22. Qb3 Rb8 23. Qc4 Rxb2 24. R5d2 Rxd2 25. Rxd2 Qf6 26. Qb3 Bh6 27. Bxh6 Kxh6 28. Qb6 Qf4 29. Rd1 Qc7 30. a4 a5 31. Qb2 Kh7 32. Bb5 Rb7 33. Qb3 Kg8 34. Qd5 Nb4 35. Qg5 Qc8 36. c6 Rc7 37. Qc5 e6 38. Qb6 Nd5 39. Qxa5 Qb8 40. Qd2 Qb6 41. Qg5 Rc8 42. Qe5 Qa5 43. Qd6 Rd8 44. Qc5 Rc8 45. g3 Rc7 46. h4 Rc8 47. Kg2 Rc7 48. Qd4 Rc8 49. Rc1 Rc7 50. Be2 Qa8 51. Bf3 Rxc6 52. Bxd5 exd5 53. Qxd5 Ra6 54. Qxa8+ Rxa8 55. Ra1 Ra5 56. Kf3 Kg7 57. Ke4 Kf6 58. Kd4 Kf5 59. Kc4 Kg4 60. Ra3 f6 61. f4 g5 62. hxg5 fxg5 63. fxg5 Kxg5 64. Kb4 Ra8 65. a5 Kg4 66. Kb5 Rb8+ 67. Kc6 Ra8 68. Kb7 Rf8 69. a6 Rf7+ 70. Kb6 Rf6+ 71. Kc5 Rf5+ 72. Kd4 Rf8 73. a7 Ra8 74. Kc5 Kh3 75. Kb6 Rg8 76. Rc3 Kg4 77. Kb7 Rg7+ 78. Rc7 Rg8 79. Rh7 1-0

[Event "Roquetas de Mar op 36th"]
[Site "Roquetas de Mar"]
[Date "2025.01.04"]
[Round "4"]
[White "Suarez Hernan, Santiago"]
[Black "Sgircea, Silvia Raluca"]
[Result "1-0"]
[WhiteElo "2098"]
[BlackElo "2248"]
[PlyCount "126"]
[EventDate "2025.01.02"]
[EventType "swiss"]
[EventRounds "9"]
[EventCountry "ESP"]
[SourceTitle "CB02_2025"]
[SourceDate "2025.01.08"]
[SourceVersion "1"]
[SourceVersionDate "2025.01.08"]
[SourceQuality "1"]

1. d4 d5 2. c4 dxc4 3. Nf3 Nf6 4. e3 e6 5. Bxc4 a6 6. 0-0 b5 7. Be2 Bb7 8. a4 b4 9. a5 Be7 10. Nbd2 c5 11. dxc5 Bxc5 12. Nb3 Bd6 13. Nfd4 Qc7 14. h3 0-0 15. Bd2 Bd5 16. Bf3 Ne4 17. Rc1 Qb7 18. Qe2 Nd7 19. Bxe4 Bxe4 20. f3 Bg6 21. e4 e5 22. Nc2 f6 23. Qd3 Be7 24. Ne3 Rfd8 25. Nd5 Bd6 26. Be3 Bf7 27. Rfd1 Rab8 28. Kh1 h6 29. Nb6 Nf8 30. Qc2 Ne6 31. Qc6 Bf8 32. Nd5 Qxc6 33. Rxc6 f5 34. Rdc1 fxe4 35. fxe4 Nf4 36. Rxa6 Ne2 37. Re1 Ng3+ 38. Kh2 Nxe4 39. Ba7 Rb7 40. Bb6 Rc8 41. Rxe4 Bxd5 42. Re3 Rc2 43. Rg3 h5 44. h4 Be7 45. Kh3 Be6+ 46. Kh2 Bxh4 47. Rd3 e4 48. Re3 Bg5 49. Nc5 Bf4+ 50. Rg3 h4 51. Nxe6 Bxg3+ 52. Kh3 Kh7 53. Ng5+ Kg6 54. Nxe4 Kf5 55. Nxg3+ hxg3 56. Ra8 Rxb2 57. Bd4 Ra2 58. a6 Rf7 59. a7 Ra3 60. Rb8 g5 61. Rb5+ Ke4 62. Rxb4 Rf4 63. Bb2+ Kd5 1-0

[Event "Forni di Sopra op 15th"]
[Site "Forni di Sopra"]
[Date "2024.06.13"]
[Round "7"]
[White "Sgircea, Silvia Raluca"]
[Black "Zimina, Olga"]
[Result "0-1"]
[WhiteElo "2181"]
[BlackElo "2310"]
[PlyCount "84"]
[EventDate "2024.06.08"]
[EventType "swiss"]
[EventRounds "9"]
[EventCountry "ITA"]
[SourceTitle "CBM 220 Extra"]
[Source "ChessBase"]
[SourceDate "2024.07.31"]
[SourceVersion "1"]
[SourceVersionDate "2024.07.31"]
[SourceQuality "1"]

1. Nf3 d5 2. e3 c5 3. b3 Nf6 4. Bb2 g6 5. c4 dxc4 6. Bxc4 Bg7 7. 0-0 0-0 8. d4 cxd4 9. Nxd4 Bd7 10. Nd2 Nc6 11. Be2 Nxd4 12. Bxd4 Bc6 13. Nc4 Ne4 14. Bxg7 Kxg7 15. Qc2 Rc8 16. Qb2+ f6 17. Rfd1 Qc7 18. Rac1 Rfd8 19. Bf1 Rxd1 20. Rxd1 b5 21. Na3 b4 22. Nc4 Nc3 23. Rd2 a5 24. a3 h5 25. h4 Ra8 26. Qc2 Qb7 27. Qd3 Ne4 28. Rb2 Qc7 29. axb4 axb4 30. Qb1 Nc3 31. Qe1 Ra7 32. Rd2 Qc8 33. f3 Qa8 34. Qg3 Ra1 35. Qc7 Nd5 36. Qg3 Rc1 37. e4 Qa1 38. Rf2 Qd4 39. exd5 Rxf1+ 40. Kh2 Rxf2 41. dxc6 Rf1 42. c7 Qd1 0-1

[Event "Forni di Sopra op 15th"]
[Site "Forni di Sopra"]
[Date "2024.06.08"]
[Round "1"]
[White "Jaidambareesh, NR."]
[Black "Sgircea, Silvia Raluca"]
[Result "0-1"]
[WhiteElo "1918"]
[BlackElo "2181"]
[PlyCount "106"]
[EventDate "2024.06.08"]
[EventType "swiss"]
[EventRounds "9"]
[EventCountry "ITA"]
[SourceTitle "CBM 220 Extra"]
[Source "ChessBase"]
[SourceDate "2024.07.31"]
[SourceVersion "1"]
[SourceVersionDate "2024.07.31"]
[SourceQuality "1"]

1. Nf3 c5 2. g3 g6 3. c4 Bg7 4. Bg2 Nc6 5. Nc3 d6 6. 0-0 e6 7. d3 Nge7 8. Bd2 0-0 9. a3 d5 10. Rc1 b6 11. Na4 Rb8 12. b4 cxb4 13. axb4 b5 14. cxd5 Nxd5 15. Rxc6 bxa4 16. Qxa4 Bd7 17. b5 Bxc6 18. bxc6 Qe7 19. Rc1 Bb2 20. Re1 Rfc8 21. e4 Nb4 22. e5 Nxc6 23. Qg4 Nb4 24. Bg5 Qf8 25. d4 Nd5 26. Qh4 Ba3 27. Bh6 Qd8 28. Qg4 Bf8 29. Bg5 Qa5 30. h4 h5 31. Qe4 Qa2 32. Nd2 Qc2 33. Qe2 Nc3 34. Qe3 a5 35. Be4 Qa4 36. Bh6 Qb4 37. g4 Bxh6 38. Qxh6 Qf8 39. Qg5 Qg7 40. Kh2 hxg4 41. Qxg4 Qh6 42. Nf3 Kg7 43. Rg1 Rh8 44. Bd3 Nd5 45. Kh1 Qf4 46. Qh3 Rb3 47. Rg4 Qc1+ 48. Rg1 Qh6 49. Rxg6+ fxg6 50. Qxe6 Qc1+ 51. Kh2 Qf4+ 52. Kg2 Rxd3 53. Ng5 Qf5 0-1

[Event "Budapest SixDays 01 IM-B"]
[Site "Budapest"]
[Date "2024.01.31"]
[Round "7"]
[White "Nemeth, Zoltan"]
[Black "Sgircea, Silvia Raluca"]
[Result "0-1"]
[WhiteElo "2194"]
[BlackElo "2242"]
[PlyCount "80"]
[EventDate "2024.01.27"]
[EventType "tourn"]
[EventRounds "9"]
[EventCountry "HUN"]
[SourceTitle "CBM 218 Extra"]
[Source "ChessBase"]
[SourceDate "2024.03.31"]
[SourceVersion "1"]
[SourceVersionDate "2024.03.31"]
[SourceQuality "1"]

1. c4 c5 2. Nf3 g6 3. d4 cxd4 4. Nxd4 Nc6 5. e4 Bg7 6. Be3 d6 7. Nc3 Nf6 8. Be2 0-0 9. 0-0 Bd7 10. f3 Nxd4 11. Bxd4 a5 12. Qd2 Bc6 13. Rac1 Nd7 14. Bxg7 Kxg7 15. Qd4+ Kg8 16. Nd5 e5 17. Qe3 Bxd5 18. cxd5 Nc5 19. f4 exf4 20. Rxf4 Qe7 21. Bb5 Qe5 22. Rc3 Rac8 23. a3 Rc7 24. Rh4 Re7 25. Qh6 Qg7 26. Qxg7+ Kxg7 27. Re3 f5 28. Reh3 Rxe4 29. Rxh7+ Kf6 30. R3h4 Re1+ 31. Kf2 Rb1 32. b4 Ne4+ 33. Ke3 axb4 34. axb4 Rb3+ 35. Bd3 Ra8 36. Rxe4 fxe4 37. Kxe4 Rxb4+ 38. Ke3 Re8+ 39. Kd2 Re7 40. Bxg6 Rg4 0-1

[Event "Budapest SixDays 01 IM-B"]
[Site "Budapest"]
[Date "2024.01.29"]
[Round "4"]
[White "Sgircea, Silvia Raluca"]
[Black "Srinath, Rao SV"]
[Result "0-1"]
[WhiteElo "2242"]
[BlackElo "2260"]
[PlyCount "92"]
[EventDate "2024.01.27"]
[EventType "tourn"]
[EventRounds "9"]
[EventCountry "HUN"]
[SourceTitle "CBM 218 Extra"]
[Source "ChessBase"]
[SourceDate "2024.03.31"]
[SourceVersion "1"]
[SourceVersionDate "2024.03.31"]
[SourceQuality "1"]

1. Nf3 Nf6 2. c4 g6 3. g3 Bg7 4. Bg2 0-0 5. 0-0 d6 6. d4 c6 7. Nc3 Bf5 8. Ng5 h6 9. e4 Bg4 10. Nf3 Qc8 11. Qb3 Na6 12. Be3 Re8 13. Nd2 e5 14. d5 Bd7 15. f3 c5 16. a3 Nh5 17. Qc2 Bh3 18. Rab1 Bxg2 19. Kxg2 f5 20. exf5 gxf5 21. b4 b6 22. Nb5 Qd7 23. Bf2 Nf6 24. Rfe1 h5 25. Qa4 Nc7 26. bxc5 dxc5 27. Nc3 Qd6 28. Qc2 Qd7 29. Nf1 Nh7 30. Qd2 Qd6 31. Ne3 Rf8 32. Qc2 Qd7 33. Qa4 b5 34. cxb5 f4 35. Nf1 Ng5 36. Nd2 Qh3+ 37. Kg1 fxg3 38. Bxg3 Nxf3+ 39. Nxf3 Rxf3 40. Ne4 h4 41. Ng5 Rxg3+ 42. hxg3 Qxg3+ 43. Kh1 Qxg5 44. Rg1 Qf5 45. Qxh4 Nxd5 46. Qg4 Qh7+ 0-1

[Event "ROM-chT Rapid (Women)"]
[Site "Sebes"]
[Date "2023.12.02"]
[Round "3.8"]
[White "Bucur, Denisa Andreea"]
[Black "Sgircea, Silvia Raluca"]
[Result "1/2-1/2"]
[WhiteElo "1937"]
[BlackElo "2242"]
[PlyCount "75"]
[EventDate "2023.12.02"]
[EventType "team-tourn (rapid)"]
[EventRounds "7"]
[EventCountry "ROU"]
[SourceTitle "CBM 217 Extra"]
[Source "ChessBase"]
[SourceDate "2024.01.31"]
[SourceVersion "1"]
[SourceVersionDate "2024.01.31"]
[SourceQuality "1"]
[WhiteTeam "Dinamo (W)"]
[BlackTeam "Bucharest CSM (W)"]
[WhiteTeamCountry "ROU"]
[BlackTeamCountry "ROU"]

1. Nf3 c5 2. e3 d5 3. b3 Nf6 4. Bb2 Nc6 5. Bb5 Bd7 6. 0-0 a6 7. Bxc6 Bxc6 8. d4 cxd4 9. exd4 e6 10. Ne5 Be7 11. Nd2 0-0 12. Nxc6 bxc6 13. Nf3 c5 14. Ne5 Rc8 15. c4 cxd4 16. Qxd4 Bc5 17. Qh4 Ne4 18. Qg4 f5 19. Qe2 d4 20. Kh1 Qc7 21. Nd3 Rfe8 22. f3 Nf6 23. Ne5 Nd7 24. Rfe1 Nxe5 25. Qxe5 Qxe5 26. Rxe5 Kf7 27. Rd1 Red8 28. a3 a5 29. g3 Kf6 30. f4 Rc6 31. Kg2 Kf7 32. Rd3 Bb6 33. Rb5 g6 34. Kf3 Rd7 35. Bc1 Bd8 36. Bd2 Ra6 37. a4 Bc7 38. Be1 1/2-1/2

[Event "Copenhagen Killer Chess op"]
[Site "Copenhagen"]
[Date "2023.10.20"]
[Round "7"]
[White "Brunello, Sabino"]
[Black "Sgircea, Silvia Raluca"]
[Result "1-0"]
[WhiteElo "2486"]
[BlackElo "2225"]
[PlyCount "59"]
[EventDate "2023.10.14"]
[EventType "swiss"]
[EventRounds "9"]
[EventCountry "DEN"]
[SourceTitle "CBM 216 Extra"]
[Source "ChessBase"]
[SourceDate "2023.11.30"]
[SourceVersion "1"]
[SourceVersionDate "2023.11.30"]
[SourceQuality "1"]

1. c4 c5 2. g3 g6 3. Bg2 Bg7 4. Nc3 Nc6 5. Nf3 d6 6. 0-0 e6 7. e3 Nge7 8. d4 cxd4 9. Nxd4 Nxd4 10. exd4 0-0 11. d5 e5 12. a4 a5 13. b3 Nf5 14. Ba3 Nd4 15. Ne4 Ra6 16. c5 dxc5 17. Bxc5 Re8 18. f4 b6 19. Bd6 Nf5 20. fxe5 Bxe5 21. Bxe5 Rxe5 22. Qd2 Ra7 23. Qc3 Qc7 24. Qb2 Ba6 25. Nf6+ Kf8 26. Nd7+ Qxd7 27. Qxe5 Bxf1 28. Qh8+ Ke7 29. Re1+ Kd6 30. Qe5+ 1-0

[Event "Copenhagen Killer Chess op"]
[Site "Copenhagen"]
[Date "2023.10.19"]
[Round "6"]
[White "Sgircea, Silvia Raluca"]
[Black "Halmeenmaki, Tuomo"]
[Result "1-0"]
[WhiteElo "2225"]
[BlackElo "2067"]
[PlyCount "87"]
[EventDate "2023.10.14"]
[EventType "swiss"]
[EventRounds "9"]
[EventCountry "DEN"]
[SourceTitle "CBM 216 Extra"]
[Source "ChessBase"]
[SourceDate "2023.11.30"]
[SourceVersion "1"]
[SourceVersionDate "2023.11.30"]
[SourceQuality "1"]

1. Nf3 Nf6 2. c4 e6 3. Nc3 d5 4. e3 dxc4 5. Bxc4 c5 6. 0-0 Be7 7. Qe2 a6 8. a4 0-0 9. Rd1 Nc6 10. d4 Qc7 11. d5 exd5 12. Bxd5 Bg4 13. h3 Bh5 14. b3 Rfe8 15. Bb2 Bd6 16. Qf1 Rad8 17. Rac1 Nb4 18. Bc4 Qe7 19. Be2 Bb8 20. Rxd8 Rxd8 21. Rd1 Bg6 22. Rxd8+ Qxd8 23. Qd1 Qxd1+ 24. Bxd1 Nd3 25. Ba3 Bc7 26. Nh4 Be5 27. Nxg6 hxg6 28. Nb1 Nd5 29. Be2 N5b4 30. Kf1 Nb2 31. f4 Bf6 32. g4 N2d3 33. Bxd3 Nxd3 34. Ke2 Nb4 35. Bxb4 cxb4 36. Kd3 b5 37. axb5 axb5 38. Nd2 Kf8 39. Ne4 Be7 40. Kd4 Ke8 41. Kd5 Kd7 42. Ng5 f5 43. Ne6 Bh4 44. gxf5 1-0

[Event "Merida World Heritage op 3rd"]
[Site "Merida"]
[Date "2023.08.02"]
[Round "4"]
[White "Corbacho Chaves, Oscar"]
[Black "Sgircea, Silvia Raluca"]
[Result "0-1"]
[WhiteElo "1885"]
[BlackElo "2233"]
[PlyCount "84"]
[EventDate "2023.07.31"]
[EventType "swiss"]
[EventRounds "9"]
[EventCountry "ESP"]
[SourceTitle "CBM 215 Extra"]
[Source "ChessBase"]
[SourceDate "2023.09.30"]
[SourceVersion "1"]
[SourceVersionDate "2023.09.30"]
[SourceQuality "1"]

1. e4 c5 2. Nf3 Nc6 3. d4 cxd4 4. Nxd4 g6 5. Nc3 Bg7 6. Nb3 d6 7. Be2 Nf6 8. g4 d5 9. exd5 Nb4 10. a3 Nbxd5 11. g5 Nxc3 12. Qxd8+ Kxd8 13. gxf6 Bxf6 14. bxc3 Bxc3+ 15. Bd2 Bxa1 16. Nxa1 f6 17. Bf3 Rb8 18. Nb3 Bd7 19. Nc5 Bc6 20. Bxc6 bxc6 21. Bb4 Ke8 22. Ke2 Kf7 23. Rd1 Rhd8 24. Rd4 Rd6 25. Rxd6 Rc8 26. Rd8 Rxd8 27. f4 Rd5 28. Nb7 Ke6 29. Bc5 Kf5 30. Be3 Kg4 31. c4 Rh5 32. Bxa7 Rxh2+ 33. Bf2 Rh1 34. Nd8 Ra1 35. Bc5 h5 36. Bxe7 h4 37. f5 gxf5 38. Bxf6 Ra2+ 39. Kf1 h3 40. Kg1 Re2 41. Nxc6 h2+ 42. Kh1 Kh3 0-1

[Event "Bucharest Grand Prix"]
[Site "Bucharest"]
[Date "2023.04.30"]
[Round "5"]
[White "Costachi, Mihnea"]
[Black "Sgircea, Silvia Raluca"]
[Result "1-0"]
[WhiteElo "2476"]
[BlackElo "2233"]
[PlyCount "67"]
[EventDate "2023.04.29"]
[EventType "swiss (rapid)"]
[EventRounds "10"]
[EventCountry "ROU"]
[SourceTitle "CBM 213 Extra"]
[Source "ChessBase"]
[SourceDate "2023.05.31"]
[SourceVersion "1"]
[SourceVersionDate "2023.05.31"]
[SourceQuality "1"]

1. d4 d5 2. c4 dxc4 3. Nf3 Nf6 4. e3 e6 5. Bxc4 a6 6. 0-0 c5 7. e4 cxd4 8. e5 Nfd7 9. Qxd4 Nc6 10. Qf4 Qc7 11. Re1 Ndxe5 12. Nxe5 Nxe5 13. Qxe5 Qxc4 14. Nc3 f6 15. Qg3 Kf7 16. b3 Qc6 17. Bb2 Be7 18. Rac1 Rd8 19. Ne4 Qb6 20. Rc7 Rd7 21. Rc2 e5 22. Kh1 Rd8 23. f4 Bf5 24. fxe5 Bxe4 25. exf6 gxf6 26. Rxe4 Rd1+ 27. Re1 Rad8 28. Rc1 Rxc1 29. Bxc1 Qd6 30. Bf4 Qd3 31. Qh4 Bb4 32. Rg1 Bc5 33. Qh5+ Qg6 34. Qxc5 1-0

[Event "Bucharest Grand Prix"]
[Site "Bucharest"]
[Date "2023.04.29"]
[Round "3"]
[White "Pranav, Anand"]
[Black "Sgircea, Silvia Raluca"]
[Result "1-0"]
[WhiteElo "2525"]
[BlackElo "2233"]
[PlyCount "173"]
[EventDate "2023.04.29"]
[EventType "swiss (rapid)"]
[EventRounds "10"]
[EventCountry "ROU"]
[SourceTitle "CBM 213 Extra"]
[Source "ChessBase"]
[SourceDate "2023.05.31"]
[SourceVersion "1"]
[SourceVersionDate "2023.05.31"]
[SourceQuality "1"]

1. e4 c5 2. Nf3 Nc6 3. d4 cxd4 4. Nxd4 g6 5. Nc3 Bg7 6. Be3 Nf6 7. Bc4 Qa5 8. f3 Qb4 9. Bb3 Nxe4 10. Nxc6 Bxc3+ 11. bxc3 Qxc3+ 12. Ke2 dxc6 13. Qg1 Nf6 14. Bd4 Qa5 15. Qe3 Qb5+ 16. Kd1 Be6 17. a4 Qa5 18. Bxe6 fxe6 19. Kc1 Qd5 20. Rd1 Rd8 21. Kb2 Qc4 22. Bxa7 Qb4+ 23. Qb3 Qxb3+ 24. Kxb3 Kf7 25. Bb6 Rd6 26. Bc7 Rxd1 27. Rxd1 Nd5 28. Be5 Ra8 29. c4 Nb6 30. Ra1 Nd7 31. Bd4 e5 32. Be3 Ke6 33. Rd1 Nf6 34. h3 Ne8 35. Kb4 Nd6 36. a5 Nf5 37. Bb6 Rc8 38. Re1 Kf6 39. Kc3 c5 40. Rb1 Nd4 41. Ba7 Rc7 42. Kd3 Kf5 43. Ke3 Nc2+ 44. Kd2 Nd4 45. Rb2 Kf4 46. Ke1 Kf5 47. Kf2 e4 48. g4+ Ke6 49. fxe4 g5 50. Ke3 h6 51. Bb8 Rd7 52. Rb6+ Kf7 53. Rxh6 Nc2+ 54. Ke2 Nb4 55. Ba7 Nc6 56. Bb6 Nd4+ 57. Kf2 Ne6 58. Rh8 Rd4 59. Rb8 Rd7 60. Rc8 Rd4 61. Rb8 Rd7 62. Ke3 Kf6 63. Rc8 Rd1 64. Bxc5 Ra1 65. Bb4 Rb1 66. Bc3+ Kf7 67. Rb8 Rb3 68. Kd2 Nc5 69. Kc2 Ra3 70. Bb4 Ra4 71. Bxc5 Rxc4+ 72. Kb3 Rxc5 73. Kb4 Re5 74. Rxb7 Rxe4+ 75. Kb5 Re3 76. a6 Rxh3 77. Rc7 Rb3+ 78. Ka5 Ra3+ 79. Kb5 Rb3+ 80. Kc4 Ra3 81. a7 Kf6 82. Kb5 e6 83. Kb6 Rb3+ 84. Kc6 Ra3 85. Kb7 Rb3+ 86. Kc8 Ra3 87. Kb8 1-0

[Event "EU-ch 23rd"]
[Site "Vrnjacka Banja"]
[Date "2023.03.11"]
[Round "9"]
[White "Arsovic, Zoran"]
[Black "Sgircea, Silvia Raluca"]
[Result "1-0"]
[WhiteElo "2390"]
[BlackElo "2214"]
[PlyCount "125"]
[EventDate "2023.03.03"]
[EventType "swiss"]
[EventRounds "11"]
[EventCountry "SRB"]
[SourceTitle "CBM 213"]
[Source "ChessBase"]
[SourceDate "2023.04.30"]
[SourceVersion "1"]
[SourceVersionDate "2023.04.30"]
[SourceQuality "1"]

1. Nf3 c5 2. c4 g6 3. d4 cxd4 4. Nxd4 Nc6 5. e4 Bg7 6. Be3 Nf6 7. Nc3 d6 8. Be2 0-0 9. 0-0 Bd7 10. Qd2 Nxd4 11. Bxd4 Bc6 12. f3 a5 13. b3 Nd7 14. Be3 Nc5 15. Rac1 Be5 16. Nb5 Qb6 17. Rfd1 Rfc8 18. Bf1 Qd8 19. Qf2 Qf8 20. Nd4 Bd7 21. g3 b6 22. Bg2 Ra7 23. Qd2 h5 24. Nb5 Bxb5 25. cxb5 Kh7 26. Bh3 Rb8 27. Qe2 Bg7 28. Rc4 Qe8 29. Rc2 Bf6 30. Rd5 Qf8 31. Rd1 Raa8 32. Bf2 Rd8 33. a3 Qg7 34. Qc4 Bb2 35. b4 axb4 36. axb4 Na4 37. Qb3 Bf6 38. Rd3 Nb2 39. Rdd2 Ra1+ 40. Kg2 Na4 41. Rc7 Ra8 42. f4 Qf8 43. Re2 Kg8 44. e5 dxe5 45. fxe5 Bg5 46. Rec2 Rd1 47. Ra2 Qd8 48. Rxa4 Rxa4 49. Rc8 Qxc8 50. Bxc8 Raa1 51. h4 Bh6 52. Kf3 Rd2 53. Bh3 Bg7 54. Bxb6 Bxe5 55. Qe3 Rd5 56. Bc5 Rad1 57. Ke2 Ra1 58. Qb3 Rd8 59. b6 Re8 60. Be6 fxe6 61. Qxe6+ Kh7 62. Qxe5 Rea8 63. Kd3 1-0